| 000 | 00676nam a22002297i 4500 | ||
|---|---|---|---|
| 003 | URS | ||
| 005 | 20220114153320.0 | ||
| 008 | 171003b xxu||||| |||| 00| 0 eng d | ||
| 020 | _a9710388998 | ||
| 040 |
_erda _cURSP-College Library _beng |
||
| 050 | _b499.211 D49k 2010 | ||
| 100 | 1 | _aDe Vera, Melvin B. | |
| 245 |
_aKomunikasyon sa Akademikong Filipino _cMelvin B. De Vera |
||
| 264 | 1 |
_aMandaluyong City _bBooks Atbpages Publishing Corpages _c2010. |
|
| 300 |
_axii, 283pages _c22cm. |
||
| 336 |
_atext _btxt _2rdacontent |
||
| 337 |
_aunmediated _bn _2rdamedia |
||
| 338 |
_avolume _bnc _2rdacarrier |
||
| 500 | _atalasanggunian | ||
| 650 | 0 | _afilipino. | |
| 942 |
_2lcc _cF |
||
| 999 |
_c8423 _d8423 |
||